| 000 | 00390nam a2200157Ia 4500 | ||
|---|---|---|---|
| 008 | 180207s9999 xx 000 0 und d | ||
| 020 | _a9781407587059 | ||
| 050 | _bN632 2010 | ||
| 100 | _aNickelodeon | ||
| 245 | _aWhere's the pair? : | ||
| 245 | _bdiscover matching animals / | ||
| 260 | _bParragon press, | ||
| 260 | _c2010 | ||
| 300 | _aunpaged : | ||
| 300 | _bcolor illustration ; | ||
| 999 |
_c355812 _d355812 |
||